Normal view
MARC view
- Ahmad Syed Bilal
Entry Personal Name
001 - CONTROL NUMBER
- control field: 127085
003 - CONTROL NUMBER IDENTIFIER
- control field: NUST
005 - DATE AND TIME OF LATEST TRANSACTION
- control field: 20241212094106.0
008 - FIXED-LENGTH DATA ELEMENTS
- fixed length control field: 241212|| aca||aabn | a|a d
040 ## - CATALOGING SOURCE
- Original cataloging agency: NUST
- Transcribing agency: NUST
100 ## - HEADING--PERSONAL NAME
- Personal name: Ahmad Syed Bilal
670 ## - SOURCE DATA FOUND
- Source citation: Work cat.: (NUST)232282: Ahmad Syed Bilal , Comparison of structural performance using Pakistan building building code practice vs response spectrum analysis derived from spectral acceleration values of Peshawar region/, 2015.
